| 000 | 00937nam a2200253Ia 4500 | ||
|---|---|---|---|
| 003 | OSt | ||
| 005 | 20221005112200.0 | ||
| 006 | a|||||r|||| 00| 0 | ||
| 007 | ta | ||
| 008 | 221004b |||||||| |||| 00| 0 pan d | ||
| 020 | _c250 | ||
| 024 | _a106443 | ||
| 037 |
_b507, 02/02/2011, H.K. Prakashan _cTextual |
||
| 040 |
_aCRL _cCRL _bpan |
||
| 041 |
_2pan _apan |
||
| 082 | _aO153,3NPR:g, P7 | ||
| 100 | _aਰਾਹੀ, ਜੋਗਿੰਦਰ ਸਿੰਘ | ||
| 245 | 0 | _aਪ੍ਰੇਮ ਪ੍ਰਕਾ ਦੀਆਂ ਕਹਾਣੀਆਂ ਵਿਚ ਕਪਾਲ | |
| 260 |
_aਅੰਮ੍ਰਿਤਸਰ _bਨਾਨਕ ਸਿੰਘ ਪਸਤਕ ਮਾਲਾ ਭਾਰਤ _c2007 |
||
| 300 |
_a256ਪੰ _ccm. |
||
| 650 | _aਪੰਜਾਬੀ ਸਾਹਿਤ | ||
| 942 |
_hO153,3NPR:g, P7 _cTEXL _2cc |
||
| 999 |
_c1024101 _d1024101 |
||